|
|
|
|
| LEADER |
00000nbm0a2200000 4500 |
| 001 |
132714 |
| 005 |
20231031135101.0 |
| 035 |
|
|
|a (RuTPU)RU\TPU\book\143707
|
| 090 |
|
|
|a 132714
|
| 100 |
|
|
|a 20080305d1971 k y0rusy50 ca
|
| 101 |
0 |
|
|a rus
|
| 102 |
|
|
|a RU
|
| 105 |
|
|
|a a m 001zy
|
| 200 |
1 |
|
|a Исследование и разработка методов проектирования оптимальной конфигурации электрической сети горного предприятия
|e Диссертация на соискание ученой степени кандидата технических наук
|f Ю. И. Ершов
|g Академия наук Казахской ССР, Институт горного дела ; науч. рук. Е. И. Рогов , А. И. Зайцев
|
| 210 |
|
|
|a Алма-Ата
|d 1971
|
| 215 |
|
|
|a 157 л.
|c ил.
|
| 320 |
|
|
|a Библиогр.: с. 135-151 (221 назв.)
|
| 610 |
1 |
|
|a диссертации
|
| 610 |
1 |
|
|a горные предприятия
|
| 610 |
1 |
|
|a проектирование
|
| 610 |
1 |
|
|a электрические сети
|
| 610 |
1 |
|
|a конфигурации
|
| 610 |
1 |
|
|a шахты
|
| 610 |
1 |
|
|a экономико-математические модели
|
| 610 |
1 |
|
|a варианты
|
| 610 |
1 |
|
|a провода
|
| 610 |
1 |
|
|a кабели
|
| 610 |
1 |
|
|a оптимальные сечения
|
| 610 |
1 |
|
|a электроснабжение
|
| 610 |
1 |
|
|a выбор
|
| 675 |
|
|
|a 622:621.3(04)
|v 3
|
| 700 |
|
1 |
|a Ершов
|b Ю. И.
|
| 702 |
|
1 |
|a Рогов
|b Е. И.
|4 727
|
| 702 |
|
1 |
|a Зайцев
|b А. И.
|4 727
|
| 712 |
0 |
2 |
|a Академия наук Казахской ССР
|b Институт горного дела
|2 stltpush
|3 (RuTPU)RU\TPU\col\4941
|
| 801 |
|
1 |
|a RU
|b 63413507
|c 20080305
|g PSBO
|
| 801 |
|
2 |
|a RU
|b 63413507
|c 20141021
|g RCR
|
| 942 |
|
|
|c BK
|